00672nam a22001697a 4500003000900000008004100009040007100050082002800121100001600149245003200165260003500197300002800232440003100260505016000291650001600451700003500467AR-CdUCM190305b ||||| |||| 00| 0 spa d aMUNICIPALIDAD PROVINCIAL DEL CUSCOcBIBLIOTECA MUNICIPAL DEL CUSCO 23ed.a370 /bD65 / 1945 aDewey, Jhon aExperiencia y educación / aBuenos Aires :bLosada,c1945. a125 páginas ;c19 cm. aBiblioteca del Maestro.n1 aContenido: La educación tradicional frente a la educación progresiva - Criterios de experiencia - Organización progresiva de las materias de estudio. aEducación aLuzuriaga, Lorenzo (traductor)